[Event "AUTO-ADV-4849"]
[Site "http://www.queenalice.com/game.php?id=1853051"]
[Date "2025.2.28"]
[Round "1"]
[White "o3bor52"]
[Black "shmurtz91"]
[Result "1-0"]
[WhiteElo "1849"]
[BlackElo "1978"]

1. e4 d5 2. exd5 Nf6 3. c4 e6 4. d4 exd5 5. cxd5 Nxd5 6. a3 Nd7 7. b4 g6 8. Bb2
Bg7 9. Nf3 N7f6 10. Bc4 Bg4 11. Nbd2 O-O 12. O-O Re8 13. Qb3 Re2 14. Bxe2 1-0

[Event "AUTO-ADV-4849"]
[Site "http://www.queenalice.com/game.php?id=1853062"]
[Date "2025.2.28"]
[Round "1"]
[White "JailtonMaster"]
[Black "o3bor52"]
[Result "1-0"]
[WhiteElo "2025"]
[BlackElo "1858"]

1. e4 c5 2. Nf3 a6 3. d4 cxd4 4. Nxd4 Nf6 5. Nc3 e5 6. Nb3 d6 7. Bg5 Be7 8. Be2
Be6 9. O-O Nbd7 10. f3 O-O 11. Kh1 Qc7 12. Nd5 Bxd5 13. exd5 h6 14. Bh4 Rfe8 15.
Bf2 b5 16. Rc1 Nb6 17. Bxb6 Qxb6 18. c4 Nd7 19. cxb5 axb5 20. Rc6 Qb8 21. a3 Nc5
22. Nxc5 dxc5 23. d6 Rd8 24. d7 Qb7 25. Qd5 Rxd7 26. Qe4 Bd6 27. Rd1 Rad8 28.
Rdxd6 Qxc6 29. Qxc6 Rxd6 30. Qxb5 Rd1+ 31. Bf1 R8d2 32. h3 Rf2 33. Kg1 Rdd2 34.
Qxc5 f6 35. Qxf2 Rxf2 36. Kxf2 Kf8 37. b4 Ke7 38. Ke3 Kd6 39. b5 Kc5 40. a4 Kb6
41. Ke4 g6 42. Kd5 Ka7 43. Kc6 f5 44. Kc7 g5 45. b6+ Ka8 46. Bc4 1-0

[Event "AUTO-ADV-4849"]
[Site "http://www.queenalice.com/game.php?id=1853063"]
[Date "2025.2.28"]
[Round "1"]
[White "o3bor52"]
[Black "JailtonMaster"]
[Result "0-1"]
[WhiteElo "1871"]
[BlackElo "1956"]

1. f4 d5 2. g3 e5 3. d3 Nc6 4. Bg2 Nf6 5. fxe5 Nxe5 6. d4 Ng6 7. Bg5 Be7 8. Bxf6
Bxf6 9. c3 O-O 10. Qc2 Re8 11. Nh3 Bg4 12. Ng1 Qd7 13. Bf3 Bxf3 14. Nxf3 Re3 15.
O-O Rae8 16. Rf2 h5 17. Na3 h4 18. gxh4 Nf4 19. Ng5 Bxg5 20. Kf1 Qh3+ 21. Ke1
Bxh4 0-1

[Event "AUTO-ADV-4849"]
[Site "http://www.queenalice.com/game.php?id=1853070"]
[Date "2025.2.28"]
[Round "1"]
[White "o3bor52"]
[Black "carlitomontana93270"]
[Result "1-0"]
[WhiteElo "1891"]
[BlackElo "1801"]

1. d4 e6 2. e4 c5 3. d5 e5 4. d6 Qb6 5. Nc3 Qxd6 6. Qxd6 Bxd6 7. Nb5 Ke7 8. Nxd6
Kxd6 9. b3 Nf6 10. Bd3 Nc6 11. a3 Ke7 12. Nf3 d6 13. O-O Bg4 14. Nd2 h5 15. f3
Be6 16. Bb2 g5 17. Bc4 Bxc4 18. Nxc4 g4 19. Nd2 Rag8 20. Kf2 h4 21. Rh1 gxf3 22.
gxf3 h3 23. Rag1 Nh5 24. Rxg8 Rxg8 25. Rg1 Rxg1 26. Kxg1 Nf4 27. Kf2 Ke6 28. Nf1
f5 29. Ng3 b5 30. Nxf5 Kf6 31. Nxd6 a6 32. Nf5 a5 33. Kg3 b4 34. a4 Kg5 35. Bc1
Nd8 36. Bxf4+ exf4+ 37. Kxh3 Nf7 38. Kg2 Ne5 39. Nd6 Nc6 40. Nb7 Kh4 41. Nd6 Nd4
42. Nf5+ Kg5 43. Nxd4 cxd4 44. Kh3 Kh5 45. e5 Kg5 46. e6 Kf6 47. e7 Kxe7 48. Kg4
1-0

[Event "AUTO-ADV-4849"]
[Site "http://www.queenalice.com/game.php?id=1853071"]
[Date "2025.2.28"]
[Round "1"]
[White "carlitomontana93270"]
[Black "o3bor52"]
[Result "0-1"]
[WhiteElo "1817"]
[BlackElo "1903"]

1. c4 e5 2. d3 h6 3. e3 c5 4. g3 Qc7 5. Bg2 Nc6 6. Nf3 d6 7. O-O Nf6 8. Nc3 a6
9. a3 Be7 10. Re1 O-O 11. b3 b6 12. Bb2 Bb7 13. Qd2 Rad8 14. Nh4 Rfe8 15. Rad1
Bf8 16. Nf3 Ne7 17. h3 g6 18. b4 Kh8 19. Kh2 Bg7 20. bxc5 bxc5 21. Rb1 d5 22.
cxd5 Nfxd5 23. Nxd5 Nxd5 24. e4 Nf6 25. Rec1 Nd7 26. Bc3 Qc6 27. Qc2 Rc8 28. Qb3
Rb8 29. Qc2 Kh7 30. Bd2 Bf8 31. Be3 Re6 32. a4 Rc8 33. Qb3 Rb8 34. Qc3 Qxa4 35.
Ra1 Qc6 36. Nd2 Qc7 37. Nf3 f6 38. Ra5 Rc6 39. Nd2 Rc8 40. Nc4 Be7 41. Qd2 g5
42. Qe2 Nb6 43. Nxb6 Qxb6 44. Ra2 Qc7 45. Qh5 Rf8 46. Bf3 Bc8 47. Be2 Be6 48.
Qf3 Bxa2 49. Qf5+ Kg7 50. Bh5 Bf7 51. Be2 Bg6 52. Qg4 h5 53. Qf3 Rh8 54. Bd1 g4
55. Qg2 Qc8 56. f3 Bf7 57. fxg4 hxg4 58. Bxg4 Be6 59. Qe2 Bxg4 60. Qf2 Rxh3+ 61.
Kg2 Qh8 0-1

[Event "AUTO-ADV-4871"]
[Site "http://www.queenalice.com/game.php?id=1858686"]
[Date "2025.6.12"]
[Round "1"]
[White "Shizumaru_Hisame"]
[Black "o3bor52"]
[Result "0-1"]
[WhiteElo "1781"]
[BlackElo "1876"]

1. e4 e6 2. d4 c5 3. d5 exd5 4. exd5 d6 5. Nc3 a6 6. Bd3 b5 7. Bd2 c4 8. Be4 h6
9. Qf3 Nf6 10. O-O-O Bg4 11. Qe3 Bxd1 12. Kxd1 Be7 13. Qg3 g6 14. Bxg6 fxg6 15.
Qxg6+ Kd7 16. Nf3 Bf8 17. Re1 Rg8 18. Qf7+ Kc8 19. Ne4 Rg7 20. Qe6+ Nbd7 21.
Nxd6+ Bxd6 22. Qxd6 Qc7 23. Qxc7+ Kxc7 24. Bf4+ Kb7 25. g3 Nxd5 26. Bxh6 Re7 27.
Rh1 Nc5 28. Bd2 Ne4 29. Be1 Rd8 30. Kc1 b4 31. Nd2 c3 32. Nxe4 cxb2+ 33. Kxb2
Rxe4 34. h4 a5 35. h5 Rh8 36. h6 Rh7 37. Rh5 Rxe1 38. Rxd5 Rxh6 39. Rxa5 Rhh1
40. Rb5+ Kc6 41. Rxb4 Rb1+ 42. Kc3 Rxb4 43. Kxb4 Rh2 44. f4 Rxc2 45. a4 Rg2 46.
f5 Rxg3 47. a5 Kb7 48. Kb5 Ka7 49. a6 Rg5 0-1

[Event "AUTO-ADV-4871"]
[Site "http://www.queenalice.com/game.php?id=1858687"]
[Date "2025.6.12"]
[Round "1"]
[White "o3bor52"]
[Black "Shizumaru_Hisame"]
[Result "0-1"]
[WhiteElo "1898"]
[BlackElo "1759"]

1. e4 d5 2. d4 dxe4 3. Nc3 Nf6 4. f3 exf3 5. Nxf3 Bd7 6. Bc4 e6 7. O-O Bc6 8.
Qe2 Qe7 9. Bg5 Nbd7 10. a3 O-O-O 11. b4 b6 12. Bb5 Bb7 13. Ba6 h6 14. Bxb7+ Kxb7
15. Bh4 g5 16. Bg3 Nh7 17. Rad1 h5 18. h4 f6 19. Qe4+ Kb8 20. Nb5 Rc8 21. c4 a6
22. Nc3 f5 23. Qd3 Kb7 24. hxg5 Nxg5 25. Bh4 Bh6 26. Rfe1 Qf6 27. Bf2 Nxf3+ 28.
Qxf3+ Kb8 29. Re2 e5 30. Nd5 Qg7 31. Qxf5 Rhg8 32. Bh4 Rcf8 33. Qh3 exd4 34. Ne7
Qg4 35. Nxg8 Qxe2 36. Re1 Be3+ 37. Kh2 Qxc4 38. Qxd7 Rxg8 39. Qa4 Qa2 40. Qc6
Qxa3 41. Bg3 Rxg3 42. Kxg3 Bd2+ 43. Kf2 Bxe1+ 44. Kxe1 Qxb4+ 45. Kd1 d3 46. Qe8+
Ka7 47. Qxh5 Qb2 48. Qf3 Qc2+ 49. Ke1 d2+ 0-1

[Event "AUTO-ADV-4871"]
[Site "http://www.queenalice.com/game.php?id=1858702"]
[Date "2025.6.12"]
[Round "1"]
[White "MMA34"]
[Black "o3bor52"]
[Result "1-0"]
[WhiteElo "1956"]
[BlackElo "1921"]

1. e4 b6 2. Nf3 Bb7 3. Nc3 e6 4. d4 Bb4 5. Bd3 h6 6. Bd2 Nf6 7. a3 Bxc3 8. Bxc3
O-O 9. O-O d6 10. Re1 Nbd7 11. b4 a6 12. e5 Nd5 13. Bd2 b5 14. c4 bxc4 15. Bxc4
N5b6 16. Be2 d5 17. Rc1 c6 18. h3 Nc8 19. Qb3 Ne7 20. Bd3 f5 21. Nh2 Rf7 22. f4
Ng6 23. g3 Ne7 24. Nf3 Rb8 25. Kh2 Kh7 26. Rg1 Bc8 27. Qc2 Bb7 28. a4 Rc8 29. g4
Nf8 30. h4 Qb6 31. a5 Qd8 32. g5 h5 33. g6+ Nexg6 34. Ng5+ Kg8 35. Nxf7 Qxh4+
36. Kg2 Kxf7 37. Rcf1 Qd8 38. Kh3 Ne7 39. Be1 g6 40. Bh4 Qd7 41. Qg2 Qe8 42. Be2
Kg7 43. Bxe7 Qxe7 44. Bxh5 Qf7 45. Rf3 Kh7 46. Rg3 1-0

[Event "AUTO-ADV-4871"]
[Site "http://www.queenalice.com/game.php?id=1858703"]
[Date "2025.6.12"]
[Round "1"]
[White "o3bor52"]
[Black "MMA34"]
[Result "0-1"]
[WhiteElo "1911"]
[BlackElo "1987"]

1. g3 d5 2. Bg2 Nf6 3. b3 e5 4. Bb2 Bd6 5. Nc3 c6 6. d4 e4 7. e3 b6 8. h3 a5 9.
a4 Nbd7 10. Nge2 Ba6 11. O-O O-O 12. Re1 Re8 13. Nb1 Qc7 14. Nd2 Nf8 15. Ba3
Rab8 16. Bxd6 Qxd6 17. Kh2 Ng6 18. Ng1 Nh4 19. Bh1 Ng6 20. c3 Bc8 21. Bg2 Nh4
22. Bf1 Ng6 23. c4 Be6 24. Qc1 h5 25. Kh1 Rbc8 26. c5 Qc7 27. Qa3 bxc5 28. Qxc5
Nd7 29. Qc2 f5 30. Be2 Qb6 31. Bxh5 Kh7 32. Ne2 Nf6 33. Bxg6+ Kxg6 34. Nf4+ Kf7
35. Rec1 Bd7 36. Qc5 Qc7 37. Qa3 Rb8 38. Rc5 g5 39. Ne2 Rh8 40. Kg2 f4 41. Ng1
f3+ 42. Kh2 Rh7 43. Qc1 Rbh8 44. Ngxf3 exf3 45. Nxf3 Rxh3+ 46. Kg2 Ne4 47. Ne5+
Kg7 48. Qc2 Rh2+ 49. Kf3 Rxf2+ 50. Qxf2 Nxf2 51. Kxf2 Rh6 52. Rac1 Kf8 53. Rxd5
Rf6+ 54. Ke2 Be8 55. Rcc5 Qb6 56. Nd7+ Bxd7 57. Rxd7 Qa6+ 58. Kd2 Rf2+ 59. Kc3
Qb6 60. Rxg5 Qb4+ 61. Kd3 Qxb3+ 62. Ke4 Qe6+ 63. Kd3 Qxd7 64. Rxa5 Qh7+ 65. Kc4
Qc2+ 66. Kb4 Rf1 0-1

[Event "AUTO-ADV-4871"]
[Site "http://www.queenalice.com/game.php?id=1858714"]
[Date "2025.6.12"]
[Round "1"]
[White "o3bor52"]
[Black "juim"]
[Result "1-0"]
[WhiteElo "1906"]
[BlackElo "1631"]

1. c4 d5 2. e3 d4 3. exd4 Qxd4 4. Nf3 Qc5 5. d4 Qf5 6. Bd3 Qh5 7. O-O Bg4 8.
Nbd2 Nd7 9. h3 Be6 10. d5 Bxh3 11. gxh3 Qxh3 12. Nh2 Ne5 13. Be2 e6 14. Qa4+ Nd7
15. Bf3 Nh6 16. Bg2 Qd3 17. Be4 Qh3 18. dxe6 fxe6 19. Bxb7 Rd8 20. Bg2 Qd3 21.
Re1 Qg6 22. Ndf3 Bd6 23. Ng5 e5 24. Ne4 O-O 25. Bg5 Rb8 26. Qxd7 Qf5 27. Qxf5
Nxf5 28. Nxd6 cxd6 29. b3 Nd4 30. Rac1 Ne6 31. Bd5 Rf5 32. Bxe6+ Kf8 33. Bxf5 g6
34. Be6 Re8 35. Bh3 a6 36. Bh6+ Ke7 37. f4 a5 38. fxe5 Kd8 39. Bg5+ 1-0

[Event "AUTO-ADV-4871"]
[Site "http://www.queenalice.com/game.php?id=1858715"]
[Date "2025.6.12"]
[Round "1"]
[White "juim"]
[Black "o3bor52"]
[Result "0-1"]
[WhiteElo "1639"]
[BlackElo "1916"]

1. e4 d5 2. e5 e6 3. d4 c5 4. dxc5 Qa5+ 5. Nc3 Bxc5 6. Bd2 a6 7. Ne4 Qc7 8. Nxc5
Qxc5 9. c3 Ne7 10. Qc2 Nd7 11. Be3 Qc7 12. Bd3 Nxe5 13. Be2 Nf5 14. Bf4 O-O 15.
O-O-O Nd3+ 16. Bxd3 Qxf4+ 17. Kb1 b5 18. g3 Qd6 19. Nf3 Bd7 20. Bxf5 exf5 21.
Nd4 g6 22. Nf3 Rfe8 23. Rhe1 Be6 24. Nd4 Rac8 25. Nxe6 fxe6 26. Rd3 b4 27. c4
Rxc4 28. Qd2 a5 29. b3 Rc6 30. Rde3 e5 31. Qe2 e4 32. f3 d4 33. Rd1 d3 34. Qd2
Rc2 35. Qe1 Qd4 0-1

[Event "AUTO-ADV-4893"]
[Site "http://www.queenalice.com/game.php?id=1863221"]
[Date "2025.9.20"]
[Round "1"]
[White "rocha"]
[Black "o3bor52"]
[Result "1-0"]
[WhiteElo "1698"]
[BlackElo "1885"]

1. e4 d5 2. Nc3 d4 3. Na4 e5 4. h3 Bd7 5. Nc5 Bxc5 6. Qf3 Nf6 7. Bc4 O-O 8. d3
b5 9. Bb3 a5 10. Qg3 a4 11. Bh6 Ne8 12. Bg5 Be7 13. Bxf7+ Rxf7 14. Nf3 Bxg5 15.
Nxg5 Re7 16. Qh4 g6 17. Nxh7 Nc6 18. Nf6+ Nxf6 19. Qxf6 Rg7 20. Qf3 Qe7 21. a3
Rf8 22. Qe2 Qg5 23. g3 Qh6 24. c3 Bg4 25. Qxg4 Rxf2 26. Kxf2 Qe3+ 27. Kg2 Qd2+
28. Kg1 Qxb2 29. Rf1 Ne7 30. Rh2 Qb3 31. Rhf2 Kh8 32. Qh4+ Rh7 33. Rf8+ Ng8 34.
Qf6+ Rg7 35. Qxe5 dxc3 36. R8f7 1-0

[Event "AUTO-ADV-4893"]
[Site "http://www.queenalice.com/game.php?id=1863222"]
[Date "2025.9.20"]
[Round "1"]
[White "o3bor52"]
[Black "rocha"]
[Result "1-0"]
[WhiteElo "1862"]
[BlackElo "1699"]

1. d4 d5 2. e4 g6 3. Nc3 Nf6 4. e5 Nh5 5. h3 c6 6. g4 Ng7 7. b3 Be6 8. Bf4 Nd7
9. Nf3 f6 10. Qd2 h5 11. Nh4 Bf7 12. Bd3 e6 13. Nxg6 Bxg6 14. Bxg6+ Ke7 15.
exf6+ Nxf6 16. Bg5 Kd7 17. O-O-O Be7 18. Bxf6 Bxf6 19. g5 Bxg5 20. f4 Bf6 21.
Qf2 h4 22. Ne2 Qa5 23. Kb2 c5 24. c3 c4 25. b4 Qb6 26. f5 a5 27. a3 Ra6 28. Rhe1
e5 29. Qg1 Qd6 30. dxe5 Bxe5 31. Qc5 Rc6 32. Qxd6+ Rxd6 33. Nd4 Bxd4 34. Rxd4
Rf8 35. Re5 Rxg6 36. Rexd5+ Ke7 37. Re4+ Re6 38. fxe6 Nxe6 39. Rxc4 b6 40. bxa5
bxa5 41. Rxa5 Rf2+ 42. Kb3 Nf4 43. Ra7+ Kf6 44. Ra6+ Ke5 45. Ra5+ Nd5 46. Rd4
Rf5 47. Rdxd5+ Kf4 48. Rxf5+ Kg3 49. Ra4 Kxh3 50. Rxh4+ Kxh4 51. c4 1-0

[Event "AUTO-ADV-4893"]
[Site "http://www.queenalice.com/game.php?id=1863235"]
[Date "2025.9.20"]
[Round "1"]
[White "pomar"]
[Black "o3bor52"]
[Result "1-0"]
[WhiteElo "1840"]
[BlackElo "1871"]

1. f3 d5 2. Kf2 e5 3. e3 a6 4. g3 f5 5. c4 Be6 6. cxd5 Bxd5 7. Nc3 Be6 8. d4
exd4 9. Qxd4 Nc6 10. Qa4 Ne7 11. Nge2 Qd7 12. Nf4 O-O-O 13. Bh3 g6 14. Rd1 Nd5
15. Nfxd5 Bxd5 16. Rxd5 Bd6 17. e4 Ne7 18. Rd3 Bc5+ 19. Be3 Qxd3 20. Bxc5 Qd2+
21. Ne2 Rhe8 22. b3 Qb2 23. Bd4 Rxd4 24. Qxe8+ Rd8 25. Qxe7 Qh8 26. exf5 gxf5
27. Bxf5+ Kb8 28. Rc1 c6 29. Be4 Rc8 30. Qd6+ Rc7 31. Rxc6 Qc8 32. Nd4 Qd7 33.
Rxa6 bxa6 34. Qb6+ Kc8 35. Bf5 Qxf5 36. Nxf5 Rc2+ 37. Kg1 Rc1+ 38. Kg2 Rc2+ 39.
Kh3 Rxa2 40. b4 1-0

[Event "AUTO-ADV-4893"]
[Site "http://www.queenalice.com/game.php?id=1863236"]
[Date "2025.9.20"]
[Round "1"]
[White "o3bor52"]
[Black "pomar"]
[Result "0-1"]
[WhiteElo "1867"]
[BlackElo "1857"]

1. d4 e6 2. c4 d5 3. c5 a6 4. e3 Nc6 5. a3 b6 6. cxb6 cxb6 7. Nf3 Bb7 8. Bd3 Bd6
9. O-O Nf6 10. Nbd2 O-O 11. b3 b5 12. Bb2 b4 13. a4 a5 14. Rc1 Qb6 15. Ne5 Rac8
16. Ndf3 Qc7 17. h3 Bxe5 18. dxe5 Ne4 19. Bb5 Qb8 20. Bxc6 Rxc6 21. Rxc6 Bxc6
22. Bd4 Rc8 23. Nh2 Bb7 24. f3 Nc3 25. Qd2 Ba6 26. Re1 Qc7 27. h4 Qc6 28. g4
Nxa4 29. bxa4 Qxa4 30. Ra1 Qb5 31. Re1 b3 32. Qg2 Rc2 33. Qh3 b2 34. Bxb2 Qxb2
35. f4 a4 36. h5 a3 37. Qh4 h6 38. Nf3 a2 39. Qd8+ Kh7 40. g5 a1=Q 41. g6+ fxg6
42. hxg6+ Kxg6 43. Qh4 Qxe1+ 44. Nxe1 Rc1 45. Qg3+ Kh7 46. f5 exf5 47. e6 Qe2
0-1

[Event "AUTO-ADV-4893"]
[Site "http://www.queenalice.com/game.php?id=1863245"]
[Date "2025.9.20"]
[Round "1"]
[White "o3bor52"]
[Black "maurice916"]
[Result "1/2-1/2"]
[WhiteElo "1888"]
[BlackElo "1816"]

1. d4 d5 2. e4 dxe4 3. f3 f5 4. fxe4 g6 5. Bd3 Bg7 6. exf5 gxf5 7. Nf3 e6 8. Be3
Nf6 9. Bg5 Qd6 10. Bxf6 Bxf6 11. c3 Bd7 12. Qe2 1/2-1/2

[Event "AUTO-ADV-4893"]
[Site "http://www.queenalice.com/game.php?id=1863246"]
[Date "2025.9.20"]
[Round "1"]
[White "maurice916"]
[Black "o3bor52"]
[Result "0-1"]
[WhiteElo "1788"]
[BlackElo "1854"]

1. Nf3 d5 2. e3 g6 3. b3 Bg7 4. d4 Bg4 5. Be2 Bxf3 6. Bxf3 Nf6 7. Bb2 c6 8. O-O
O-O 9. Nd2 Nbd7 10. c4 e6 11. Re1 Re8 12. b4 a6 13. a3 b6 14. Rc1 Rc8 15. Qa4
Nb8 16. cxd5 exd5 17. Qb3 Ne4 18. Nxe4 dxe4 19. Be2 b5 20. Rc2 Qd5 21. Qc3 Re6
22. Qd2 Nd7 23. f3 Nf6 24. Bc1 Kh8 25. Rc5 Qd7 26. f4 Nd5 27. g4 f5 28. Rf1 Bf8
29. h3 Bxc5 30. bxc5 Rg8 31. Rf2 Re7 32. Rg2 Qc7 33. Qe1 Reg7 34. Bd2 Qf7 35.
Qh4 h5 36. g5 Rh7 37. Kh2 Qc7 38. Kh1 a5 39. Qe1 b4 40. axb4 axb4 41. Bxb4 Nxe3
42. Rh2 Qxf4 43. Bd2 Rd8 44. Bc3 Nd5 45. Ba1 Ra7 46. h4 Kh7 47. Bb2 Qb8 48. Bd1
Ra2 49. Qf1 Rxb2 50. Bxh5 Qxh2# 0-1

[Event "AUTO-ADV-4903"]
[Site "http://www.queenalice.com/game.php?id=1865397"]
[Date "2025.11.10"]
[Round "1"]
[White "game"]
[Black "o3bor52"]
[Result "0-1"]
[WhiteElo "1650"]
[BlackElo "1853"]

1. e4 d5 2. d3 dxe4 3. Nc3 exd3 4. cxd3 Nf6 5. d4 e6 6. Nf3 Bb4 7. Qa4+ Nc6 8.
Bb5 Bxc3+ 9. bxc3 O-O 10. O-O Bd7 11. Rd1 Nd5 12. Bb2 Nb8 13. Ba3 Re8 14. Ne5
Nxc3 15. Qb4 Nxd1 16. Rxd1 Bxb5 17. Qxb5 b6 18. Nc6 Nxc6 19. Qxc6 h6 20. Bb2 Qd5
21. Qxc7 Qxa2 22. Qc1 Rac8 23. Qd2 Qd5 24. Qf4 Qh5 25. g4 Qd5 26. h4 f6 27. Rd3
Rc4 28. g5 hxg5 29. Qg4 Kf7 30. Qh5+ Ke7 31. hxg5 Qxg5+ 32. Qxg5 fxg5 33. d5 Rd8
34. Ba3+ Kf6 35. Rf3+ Rf4 36. Bb2+ e5 37. Ra3 Rxd5 38. Rxa7 Rg4+ 39. Kf1 Rb5 40.
f3 Rh4 41. Bc3 Rb1+ 42. Be1 Rh1+ 43. Kg2 Rbxe1 44. Ra6 Rb1 45. Rxb6+ Kf5 46. Rc6
g4 0-1

[Event "AUTO-ADV-4903"]
[Site "http://www.queenalice.com/game.php?id=1865398"]
[Date "2025.11.10"]
[Round "1"]
[White "o3bor52"]
[Black "game"]
[Result "1-0"]
[WhiteElo "1851"]
[BlackElo "1510"]

1. e4 c5 2. Nf3 d6 3. Bd3 e5 4. c3 Nc6 5. O-O Nf6 6. Bc2 Ng4 7. d3 Be7 8. Nbd2
h5 9. h3 Nh6 10. b3 g5 11. Nh2 b5 12. f3 Qb6 13. Kh1 f5 14. Re1 f4 15. Bb2 g4
16. Rg1 g3 17. Nhf1 Bh4 18. b4 c4 19. dxc4 bxc4 20. Nxc4 Qf2 21. Nxd6+ Ke7 22.
Nxc8+ Raxc8 23. Ba3 Kf6 24. Qd6+ Kg7 25. Bb3 Rhd8 26. Qe6 Re8 27. Qc4 Nf7 28.
Qxf7+ Kh6 29. Qd5 Ne7 30. Qxe5 Ng6 31. Qd4 Qe2 32. c4 Ne5 33. Nd2 Nd3 34. Qd6+
Kh7 35. Qd7+ Kg8 36. c5+ Kf8 37. Qf7# 1-0

[Event "AUTO-ADV-4903"]
[Site "http://www.queenalice.com/game.php?id=1865411"]
[Date "2025.11.10"]
[Round "1"]
[White "maurice916"]
[Black "o3bor52"]
[Result "1-0"]
[WhiteElo "2032"]
[BlackElo "1846"]

1. Nf3 d5 2. b3 c5 3. Bb2 d4 4. e4 Bg4 5. d3 Nc6 6. Be2 Bxf3 7. Bxf3 Ne5 8. O-O
Nxf3+ 9. Qxf3 e5 10. Nd2 b5 11. Qe2 Nf6 12. f4 Bd6 13. fxe5 Bxe5 14. Nf3 Qd6 15.
Nxe5 Qxe5 16. c3 O-O 17. cxd4 cxd4 18. Rf5 Qb8 19. Bxd4 Nd7 20. Raf1 g6 21. R5f3
Ne5 22. Bxe5 Qxe5 23. Qe3 Qe7 24. d4 Rac8 25. d5 f6 26. Kh1 Kg7 27. Rh3 Kg8 28.
Qh6 Rf7 29. Re1 Qe5 30. Rh4 Qc3 31. Rf1 Qd3 32. Rg1 Rc2 33. Rg4 Rg7 34. Qf4 Rf7
35. h4 Rxa2 36. h5 Kg7 37. hxg6 hxg6 38. Rg3 Qd4 39. Rh3 1-0

[Event "AUTO-ADV-4903"]
[Site "http://www.queenalice.com/game.php?id=1865412"]
[Date "2025.11.10"]
[Round "1"]
[White "o3bor52"]
[Black "maurice916"]
[Result "1-0"]
[WhiteElo "1837"]
[BlackElo "2019"]

1. e4 c6 2. c4 d5 3. cxd5 cxd5 4. exd5 Nf6 5. Nc3 Nxd5 6. Nxd5 Qxd5 7. Nf3 Bg4
8. Be2 Nc6 9. O-O e6 10. a3 Be7 11. b3 O-O 12. Bb2 Rad8 13. Bc3 a6 14. Ra2 Qc5
15. b4 Qb6 16. h3 Bf5 17. d4 Bf6 18. Rd2 Qc7 19. Re1 h6 20. Bd3 Bxd3 21. Rxd3
Ne7 22. Qa1 Nd5 23. Bd2 Nf4 24. Rc3 Qb8 25. Be3 Nd5 26. Rd3 Nxe3 27. fxe3 Qg3
28. Rc1 Rd7 29. Rdc3 Rfd8 30. Rd3 e5 31. Rdc3 exd4 32. exd4 Qb8 33. Rd3 Qa7 34.
Rcd1 Rxd4 35. Nxd4 Rxd4 36. Rxd4 Be5 37. Kh1 Bxd4 38. Qxd4 b6 39. Qd8+ Kh7 40.
Rd7 1-0

[Event "AUTO-ADV-4903"]
[Site "http://www.queenalice.com/game.php?id=1865421"]
[Date "2025.11.10"]
[Round "1"]
[White "o3bor52"]
[Black "Connor"]
[Result "0-1"]
[WhiteElo "1860"]
[BlackElo "1848"]

1. e4 e5 2. Nf3 d6 3. Bc4 Be7 4. c3 Nf6 5. d3 Bg4 6. Nbd2 Nc6 7. Bb3 Na5 8. Bc2
Nh5 9. h3 Bd7 10. O-O Nf4 11. b4 Nc6 12. Nc4 b6 13. Bxf4 exf4 14. Qd2 Bf6 15.
Qxf4 Bxc3 16. Bb3 O-O 17. Rab1 Bxb4 18. a3 Bc3 19. Rfc1 Bf6 20. e5 Nxe5 21.
Ncxe5 Bxe5 22. Nxe5 dxe5 23. Qxe5 c5 24. Qc3 Rc8 25. Re1 Bc6 26. Re3 Bd5 27. Rg3
f6 28. Bc2 Bf7 29. Qd2 Bg6 30. Re1 Rc7 31. Qc1 Re7 32. Rge3 Rxe3 33. fxe3 Bxd3
34. Rd1 c4 35. Bxd3 cxd3 36. Qc4+ Kh8 37. Rxd3 Qc8 38. Qd4 h6 39. Kh2 Re8 40.
Qa4 Qb8+ 41. Kg1 Rc8 42. Qd1 Re8 43. Rd7 Qe5 44. Rd3 Qc5 45. Qd2 Rc8 46. Rd8+
Rxd8 47. Qxd8+ Kh7 48. Qd3+ Kg8 49. Qb3+ Kf8 50. Qb4 Qxb4 51. axb4 Ke7 52. Kf2
Kd6 53. Ke2 Kd5 54. Kd3 g6 55. g3 a5 56. b5 f5 57. h4 g5 58. h5 a4 59. Kc3 a3
60. Kb3 a2 61. Kxa2 Ke4 62. Kb3 Kxe3 63. Kc4 f4 64. gxf4 gxf4 65. Kd5 f3 66. Kc6
f2 67. Kxb6 f1=Q 68. Kc6 Qf5 0-1

[Event "AUTO-ADV-4903"]
[Site "http://www.queenalice.com/game.php?id=1865422"]
[Date "2025.11.10"]
[Round "1"]
[White "Connor"]
[Black "o3bor52"]
[Result "1-0"]
[WhiteElo "1876"]
[BlackElo "1861"]

1. d4 d5 2. e3 a6 3. c4 e6 4. Nf3 Nf6 5. Nc3 Bb4 6. Bd2 O-O 7. c5 c6 8. Qc2 Bxc3
9. Bxc3 Ne4 10. Bd3 f5 11. Bxe4 fxe4 12. Ne5 Nd7 13. Nxd7 Bxd7 14. a3 b5 15.
cxb6 Qxb6 16. O-O Qc7 17. g3 Rf6 18. Rfe1 Raf8 19. Re2 Rf3 20. Be1 R8f6 21. b4
h5 22. a4 Rh6 23. b5 cxb5 24. Qxc7 Rf7 25. Qd6 bxa4 26. Qxa6 Kh7 27. Qd6 h4 28.
Raa2 Bb5 29. Reb2 Bc4 30. Rxa4 Rhf6 31. Qe5 Rg6 32. Qh5+ Rh6 33. Qxf7 hxg3 34.
hxg3 Rg6 35. Ra8 1-0